000128760 001__ 128760
000128760 005__ 20231213131037.0
000128760 037__ $$aTAZ-TFM-2019-1549
000128760 041__ $$aspa
000128760 1001_ $$aPérez Gómez, Silvia
000128760 24200 $$açpsychological interventions through suicide prevention technologies in adolescents adn young people
000128760 24500 $$aIntervenciones psicológicas a través de ls tecnologías para la prevención del suicidio en adolecentes y jóvenes
000128760 260__ $$aZaragoza$$bUniversidad de Zaragoza$$c2019
000128760 506__ $$aby-nc-sa$$bCreative Commons$$c3.0$$uhttp://creativecommons.org/licenses/by-nc-sa/3.0/
000128760 520__ $$aEl siguiente trabajo presenta una revisión sistemática sobre las intervencions efectivas en suicidio de jóvenes y adolescentes por medio de programas online y aplicaciones móviles. Por un lado, la prevención del suicidio supone uno de los mayores retos en salud mental, ya que causa la muerte de numerosas personas, en particular en adolescentes de 15 a 17 años, por ello se considera una población vulnerable con pocos recursos psicológicos ante situaciones traumáticas. Por el otro lado, la aparición y el rápido crecimiento del mundo online y todas sus herramientas constatan una gran influencia en la vida diaria de las personas, especialmente en el grupo de edad comprendido entre los 16 y 24 años. No obstante, observando la alta tasa de suicidio en jóvenes y la integración de internet a su vida diaria, las nuevas tecnologías pueden ofrecer nuevas oportunidades para la prevención del suicidio. Incluso se ha indicado que los programas online y apps pueden llegar a ser más receptivos a este tipo de intervenciones, por la discreción que ofrece, porque requiere un bajo esfuerzo para su empleo y su uso resulta agradable. Además, el uso de estas nuevas tecnologías puede albergar ventajas tanto para profesionales, así como la posibilidad de poder realizar intervenciones a nivel mundial, como para pacientes, dado el fácil acceso a un tratamiento psicológico que ofrece este modelo de intervención psicológica<br /><br />
000128760 521__ $$aMáster Universitario en Psicología General Sanitaria
000128760 540__ $$aDerechos regulados por licencia Creative Commons
000128760 700__ $$aMira Pastor, Adriana$$edir.
000128760 7102_ $$aUniversidad de Zaragoza$$bPsicología y Sociología$$cPersonalidad,Evaluación y Tratamiento Psicológicos
000128760 8560_ $$f626691@celes.unizar.es
000128760 8564_ $$s322703$$uhttps://zaguan.unizar.es/record/128760/files/TAZ-TFM-2019-1549_ANE.pdf$$yAnexos (spa)
000128760 8564_ $$s589470$$uhttps://zaguan.unizar.es/record/128760/files/TAZ-TFM-2019-1549.pdf$$yMemoria (spa)
000128760 909CO $$ooai:zaguan.unizar.es:128760$$pdriver$$ptrabajos-fin-master
000128760 950__ $$a
000128760 951__ $$adeposita:2023-12-13
000128760 980__ $$aTAZ$$bTFM$$cFCSH
000128760 999__ $$a20191129202833.CREATION_DATE